| 000 | 00960nam0a22002651 4500 | ||
|---|---|---|---|
| 001 | rc\704051 | ||
| 005 | 20260406090927.0 | ||
| 035 | _a(NLR Aleph) 005939640 | ||
| 090 |
_a6665172 _c6665172 |
||
| 100 | _a20031121d1985 |||y0rusy50 ca | ||
| 101 | 0 | _arus | |
| 102 | _aRU | ||
| 105 | _aa ||||||||| | ||
| 200 | 1 |
_aПо залам художественного музея _e[Горьков. худож. музей] |
|
| 210 |
_aГорький _cВолго-Вят. кн. изд-во _d1985 |
||
| 215 |
_a208 с., 16 л. ил. _cил. _d16 |
||
| 320 | _aИмен. указ. художников: с. 200-207 | ||
| 700 | 1 |
_7ca _8rus _aШарун _bН. И. _gНина Ивановна _92653448 _3RU\NLR\AUTH\770281481 |
|
| 712 | 0 | 2 |
_4570 _aГорьковский художественный музей _9330477 _3RU\NLR\AUTH\889917155 |
| 801 | 0 |
_aRU _bNLR _gpsbo |
|
| 801 | 1 |
_aRU _bELAR _2rusmarc |
|
| 852 |
_aNLR _j86-2/1333 |
||
| 942 | _cBOOK | ||
| 980 | _aNB | ||